000 03465nam a22003857a 4500
005 20090217103252.0
008 090217t xxu||||| |||| 00| 0 eng d
010 _aB-341202-213
020 _a9788123752563
_c300.00
035 _aB-341202-213
037 _bNorth India Publishers
040 _adpl
_bEnglish
082 _a954.02
100 _aIrfan Habib
245 _aMedieval India:
_cby Irfan Habib
_bthe study of a civilization /
260 _aNew Delhi
_bNational Book Trust
_c2008
270 _aA-5, Green Park
_bNew Delhi
_e110016
300 _aix, 293 p.:
_c22cm.(Hb)
_bb&w photos
490 _aPopular Social Science
500 _aincludes bibliographical references and index
942 _2ddc
_cEN
_h954.02
_mIRF
999 _c23933
_d23933